Música y cultura en la Edad de Plata, 1915-1939 / (Record no. 181106)

MARC details
000 -LEADER
campo de control de longitud fija 01083nam a2200301 i 4500
001 - NÚMERO DE CONTROL
campo de control 181106
003 - IDENTIFICADOR DE NÚMERO DE CONTROL
campo de control ES-MaACL
005 - FECHA Y HORA DE LA ÚLTIMA TRANSACCIÓN
campo de control 20250823110734.0
008 - DATOS DE LONGITUD FIJA--INFORMACIÓN GENERAL
campo de control de longitud fija 121017s2009 sp a |||| | spa d
020 ## - NÚMERO INTERNACIONAL ESTÁNDAR DEL LIBRO
Número Internacional Estándar del Libro 978-84-89457-42-3
080 ## - NÚMERO DE LA CLASIFICACIÓN DECIMAL UNIVERSAL
Número de la Clasificación Decimal Universal 78.072.3 Salazar, Adolfo
080 ## - NÚMERO DE LA CLASIFICACIÓN DECIMAL UNIVERSAL
Número de la Clasificación Decimal Universal 78.036(460)
245 00 - MENCIÓN DEL TÍTULO
Título Música y cultura en la Edad de Plata, 1915-1939 /
Mención de responsabilidad, etc. María Nagore, Leticia Sánchez de Andrés, Elena Torres (eds.).
260 ## - PUBLICACIÓN, DISTRIBUCIÓN, ETC.
Lugar de publicación, distribución, etc. Madrid :
Nombre del editor, distribuidor, etc. ICCMU,
Fecha de publicación, distribución, etc. [2009]
300 ## - DESCRIPCIÓN FÍSICA
Extensión 663 p. :
Otras características físicas il. ;
Dimensiones 24 cm.
490 1# - MENCIÓN DE SERIE
Mención de serie Música hispana. Textos. Estudios ;
Designación de volumen o secuencia 14
500 ## - NOTA GENERAL
Nota general Índice.
600 14 - PUNTO DE ACCESO ADICIONAL DE MATERIA--NOMBRE DE PERSONA
Nombre de persona Salazar, Adolfo,
Fechas asociadas al nombre 1890-1958
9 (RLIN) 101798
650 #4 - PUNTO DE ACCESO ADICIONAL DE MATERIA--TÉRMINO DE MATERIA
Término de materia o nombre geográfico como elemento de entrada Música española-
Subdivisión cronológica S.XX.
9 (RLIN) 148330
700 1# - ENTRADA AGREGADA--NOMBRE PERSONAL
Nombre de persona Sánchez de Andrés, Leticia.
9 (RLIN) 138413
700 1# - ENTRADA AGREGADA--NOMBRE PERSONAL
Nombre de persona Nagore Ferrer, María.
9 (RLIN) 151655
700 1# - ENTRADA AGREGADA--NOMBRE PERSONAL
Nombre de persona Torres, Elena.
9 (RLIN) 110887
710 2# - ENTRADA AGREGADA--NOMBRE DE ENTIDAD CORPORATIVA
Nombre de entidad corporativa o nombre de jurisdicción como elemento de entrada Instituto Complutense de Ciencias Musicales.
9 (RLIN) 4816
830 10 - PUNTO DE ACCESO ADICIONAL DE SERIE-TÍTULO UNIFORME
Título uniforme Música hispana
Designación de volumen o secuencia 14
9 (RLIN) 232876
852 4# - LOCALIZACIÓN
Ubicación ES-MaACL
Número de control de estantería A-12326
itemnumber 187989
Sublocalización o colección R.147145
Ubicación en estantería Depósito 1
Signatura antigua Olim: N-5331
942 ## - ELEMENTOS DE ENTRADA SECUNDARIOS (KOHA)
Fuente del sistema de clasificación o colocación Clasificación decimal universal
Tipo de ítem Koha Libro impreso
Holdings
Estatus retirado Estado de pérdida Fuente del sistema de clasificación o colocación Estado de daño No para préstamo Biblioteca de origen Biblioteca actual Ubicación en estantería Fecha de adquisición Fuente de adquisición Total de préstamos Signatura topográfica completa Código de barras Visto por última vez Precio de reemplazo Tipo de ítem Koha
    Clasificación decimal universal     Biblioteca del Ateneo de Madrid Biblioteca del Ateneo de Madrid Depósito 1 17/10/2012 Compra   A-12326 1190317 23/02/2023 23/02/2023 Libro impreso